| 000 | 00872nam a2200265 a 4500 | ||
|---|---|---|---|
| 001 | 000042854 | ||
| 005 | 20230526131558.0 | ||
| 008 | 100303s1958 sp 000 d spa d | ||
| 040 |
_aDO-SdBNP _bspa _cBNPHU |
||
| 041 | 1 | 7 |
_aspa _carb. |
| 082 |
_a862.3 _bR741c |
||
| 100 | 1 |
_aRojas, Fernando de, _d1470-1541 _939878 |
|
| 245 | 1 | 3 |
_aLa Celestina / _cFernando de Rojas ; edición y notas de Julio Cejador y Frauca ; traducción Mahmud Sobh. |
| 260 |
_aMadrid : _bInstituto Hispano-Arabe de Cultura, _c1958. |
||
| 300 |
_aXVI,148 p. ; _c18 cm. |
||
| 490 | 1 |
_aClásicos hispanos _v4 |
|
| 500 | _a15 | ||
| 500 | _abibliografía (p. 15-XVI) | ||
| 650 | 4 |
_aTeatro español _93071 |
|
| 650 | 4 |
_aLiteratura española _9632 |
|
| 700 | 1 |
_aSobh, Mahmud Sobh _970243 |
|
| 700 | 1 |
_aCejador y Frauca, Julio, _ced. _936346 |
|
| 830 | 0 |
_aClásicos hispanos _v4 _970244 |
|
| 049 | _aBNGR | ||
| 999 |
_c42343 _d42343 |
||